| 000 | 004520000a22001570004500 | ||
|---|---|---|---|
| 003 | LK-CoMWRAF | ||
| 005 | 20240701172830.0 | ||
| 008 | 230817t1999 ||||| |||| 00| 0 eng d | ||
| 040 |
_aLK-CoMWRAF _dLK-CoMWRAF _eLK-CoMWRAF |
||
| 041 | _aeng | ||
| 082 |
_a341 _bDIV |
||
| 245 |
_aDiverse women for diversity: _ban information booklet |
||
| 260 |
_aNew Delhi: _bResearch Foundation for Science, Technology and Ecology _c1999 |
||
| 300 | _a28 p. | ||
| 942 | _cBK | ||
| 999 |
_c169 _d169 |
||